| 000 | 01048nam a22003137a 4500 | ||
|---|---|---|---|
| 001 | BR7806813 | ||
| 003 | BR-BrBNA | ||
| 005 | 20230928085756.0 | ||
| 007 | ta | ||
| 008 | 230509b bl.||||| |||| 00| 0 por d | ||
| 040 |
_aBR-BrBNA _bpor _cBiblioteca Nacional de Agricultura |
||
| 041 | _a(Por) | ||
| 072 |
_aF50 _b3290 _b3575 |
||
| 090 | _ 3290 BR7806813 | ||
| 100 | 1 | _aAndo, S. | |
| 110 | 1 |
_aFundacao Universidade Estadual de Maringa, PR (Brasil) _95061 |
|
| 245 | 1 | _aAnatomia do tegumento seminal de Enterolobium contortisiliquum (Vell.)Morong (Leguminosae - mimosoideae)[timbauva, semente] | |
| 260 | 3 |
_aMaringa, PR (Brasil): _c1978. |
|
| 300 | _a25 p. | ||
| 500 | _aSummaries (Eng, Por); 21 ref. (*) Documento disponível na(o) Fundacao Universidade Estadual de Maringa, PR (Brazil). Biblioteca Central | ||
| 650 | _aTIMBAUVA | ||
| 650 | _aSEMENTE | ||
| 650 | _aTEGUMENTO | ||
| 650 | _aANATOMIA VEGETAL | ||
| 650 | _aMORFOLOGIA VEGETAL | ||
| 650 | _aCOMPOSICAO QUIMICA | ||
| 909 |
_a202309 _bLucia _c55 _dLucia Elande |
||
| 942 | _cBK | ||
| 999 |
_c26266 _d26266 |
||